[Event "Steyr Landesliga 1718"]
[Site "Austria"]
[Date "2018.03.24"]
[Round "10.6"]
[White "Schrittwieser, Herbert"]
[Black "Toller, Maximilian"]
[Result "1-0"]
[WhiteElo "2155"]
[BlackElo "2033"]
[PlyCount "77"]
[EventDate "2017.09.30"]
[EventType "team-tourn"]
[EventRounds "11"]
[EventCountry "AUT"]
[SourceTitle "EXT 2021"]
[Source "ChessBase"]
[SourceDate "2020.10.23"]
[SourceVersion "1"]
[SourceVersionDate "2020.10.23"]
[SourceQuality "1"]
[WhiteTeam "Graz Austria"]
[BlackTeam "Graz Schachfreunde II"]
[WhiteTeamCountry "AUT"]
[BlackTeamCountry "AUT"]

1. Nf3 Nf6 2. c4 e6 3. g3 d5 4. Bg2 dxc4 5. Qa4+ Bd7 6. Qxc4 Bc6 7. 0-0 Be7 8. d4 0-0 9. Rd1 Nbd7 10. Nc3 Ne4 11. Bf4 Nxc3 12. bxc3 Bd6 13. Bg5 Qe8 14. Re1 h6 15. Bc1 Nf6 16. a4 a5 17. Nd2 Bxg2 18. Kxg2 Nd7 19. e4 e5 20. Nf3 Qe6 21. Qb5 b6 22. Qc6 Rae8 23. Bd2 f5 24. Qd5 Qxd5 25. exd5 e4 26. Ng1 g5 27. f3 Nf6 28. c4 exf3+ 29. Nxf3 Ne4 30. Rad1 Nxd2 31. Rxe8 Rxe8 32. Rxd2 Re3 33. Rc2 Ra3 34. c5 Bf8 35. d6 c6 36. d7 Be7 37. cxb6 Rb3 38. Rc5 Kf7 39. Ne5+ 1-0

[Event "Steyr Landesliga 1718"]
[Site "Austria"]
[Date "2017.10.07"]
[Round "2.6"]
[White "Hatzl, Johannes"]
[Black "Schrittwieser, Herbert"]
[Result "1/2-1/2"]
[WhiteElo "2051"]
[BlackElo "2155"]
[PlyCount "52"]
[EventDate "2017.09.30"]
[EventType "team-tourn"]
[EventRounds "11"]
[EventCountry "AUT"]
[SourceTitle "CBM 181 Extra"]
[Source "ChessBase"]
[SourceDate "2017.12.12"]
[SourceVersion "1"]
[SourceVersionDate "2017.12.12"]
[SourceQuality "1"]
[WhiteTeam "Fuerstenfeld/Hartberg II"]
[BlackTeam "Graz Austria"]
[WhiteTeamCountry "AUT"]
[BlackTeamCountry "AUT"]

1. e4 e5 2. Nf3 Nf6 3. Nxe5 d6 4. Nf3 Nxe4 5. d3 Nf6 6. d4 Be7 7. Bd3 0-0 8. 0-0 Bg4 9. Re1 Nc6 10. c3 Qd7 11. Nbd2 Rfe8 12. Nf1 Bf5 13. Ng3 Bxd3 14. Qxd3 Bf8 15. Bg5 Nd5 16. Bd2 Rxe1+ 17. Rxe1 Re8 18. Rxe8 Qxe8 19. Ng5 g6 20. Qf3 Nb6 21. h4 Bg7 22. h5 Nd7 23. Nh3 Qe7 24. h6 Bh8 25. Ne4 Nf6 26. Neg5 Nd8 1/2-1/2

[Event "Steyr Landesliga 1516"]
[Site "Austria"]
[Date "2016.04.23"]
[Round "11.1"]
[White "Schnider, Gert"]
[Black "Schrittwieser, Herbert"]
[Result "1/2-1/2"]
[WhiteElo "2299"]
[BlackElo "2159"]
[PlyCount "60"]
[EventDate "2015.09.26"]
[EventType "team-tourn"]
[EventRounds "11"]
[EventCountry "AUT"]
[SourceTitle "EXT 2017"]
[Source "ChessBase"]
[SourceDate "2016.10.25"]
[SourceVersion "1"]
[SourceVersionDate "2016.10.25"]
[SourceQuality "1"]
[WhiteTeam "Gamlitz"]
[BlackTeam "Graz Austria"]
[WhiteTeamCountry "AUT"]
[BlackTeamCountry "AUT"]

1. d4 Nf6 2. c4 e6 3. Nc3 Bb4 4. Qc2 0-0 5. a3 Bxc3+ 6. Qxc3 d5 7. Bg5 dxc4 8. Qxc4 b6 9. Nf3 Ba6 10. Qc2 Qe7 11. g3 c5 12. Bg2 Bb7 13. dxc5 Rc8 14. 0-0 Rxc5 15. Qd2 Nbd7 16. b4 Rc4 17. Rac1 Rac8 18. Rxc4 Rxc4 19. Rd1 h6 20. Be3 Bd5 21. Qb2 Qe8 22. Rc1 Qc8 23. Rxc4 Qxc4 24. Bd4 Qc6 25. h3 Ne8 26. Kh2 f6 27. Nh4 Bxg2 28. Nxg2 Nd6 29. Qb3 Kf7 30. Ne1 a6 1/2-1/2

[Event "Steyr Landesliga 1516"]
[Site "Austria"]
[Date "2016.04.09"]
[Round "10.3"]
[White "Schrittwieser, Herbert"]
[Black "Almer, Gerald"]
[Result "1/2-1/2"]
[WhiteElo "2159"]
[BlackElo "2138"]
[PlyCount "81"]
[EventDate "2015.09.26"]
[EventType "team-tourn"]
[EventRounds "11"]
[EventCountry "AUT"]
[SourceTitle "EXT 2017"]
[Source "ChessBase"]
[SourceDate "2016.10.25"]
[SourceVersion "1"]
[SourceVersionDate "2016.10.25"]
[SourceQuality "1"]
[WhiteTeam "Graz Austria"]
[BlackTeam "Feldbach Kirchberg"]
[WhiteTeamCountry "AUT"]
[BlackTeamCountry "AUT"]

1. c4 e5 2. g3 Nf6 3. Bg2 Bc5 4. Nc3 0-0 5. Nf3 Nc6 6. 0-0 d6 7. a3 a5 8. d3 h6 9. Rb1 Re8 10. Nd2 Bf5 11. Nd5 Nxd5 12. cxd5 Nb8 13. b4 axb4 14. axb4 Bd4 15. Qc2 Bd7 16. e3 Ba4 17. Qa2 Bb6 18. Nc4 Nd7 19. Qb2 Bb5 20. Bd2 Qe7 21. Ra1 c6 22. Qb3 Qf6 23. Bc3 Qg6 24. Bb2 Bc7 25. Rxa8 Rxa8 26. Ra1 Rxa1+ 27. Bxa1 Nf6 28. dxc6 bxc6 29. e4 Qh5 30. Qc2 d5 31. exd5 Nxd5 32. Bxd5 cxd5 33. Na3 Be8 34. Qxc7 Qd1+ 35. Kg2 Qxa1 36. Qd8 Qxa3 37. Qxe8+ Kh7 38. Qxe5 Qxd3 39. b5 Qxb5 40. Qf5+ Kg8 41. Qc8+ 1/2-1/2

[Event "AUT-chT2M 1516"]
[Site "Austria"]
[Date "2015.11.15"]
[Round "5.5"]
[White "Postl, Anton"]
[Black "Schrittwieser, Herbert"]
[Result "1-0"]
[WhiteElo "2269"]
[BlackElo "2158"]
[PlyCount "105"]
[EventDate "2015.10.02"]
[EventType "team-tourn"]
[EventRounds "11"]
[EventCountry "AUT"]
[SourceTitle "EXT 2017"]
[Source "ChessBase"]
[SourceDate "2016.10.25"]
[SourceVersion "1"]
[SourceVersionDate "2016.10.25"]
[SourceQuality "1"]
[WhiteTeam "Fuerstenfeld/Hartberg"]
[BlackTeam "Graz Austria"]
[WhiteTeamCountry "AUT"]
[BlackTeamCountry "AUT"]

1. Nf3 Nf6 2. d4 e6 3. c4 Bb4+ 4. Bd2 Qe7 5. g3 0-0 6. Bg2 Nc6 7. 0-0 Bxd2 8. Qxd2 d5 9. cxd5 exd5 10. Nc3 Rd8 11. Qf4 Ne4 12. Rfd1 Nxc3 13. bxc3 Be6 14. Ng5 Qd6 15. Qxd6 Rxd6 16. e4 h6 17. Nxe6 fxe6 18. Rab1 b6 19. Re1 Rad8 20. Bh3 Kf7 21. Re3 dxe4 22. Rxe4 Re8 23. Rbe1 Nd8 24. f4 Rd7 25. Bf1 Rde7 26. Bc4 Kf6 27. g4 c6 28. h4 g6 29. Kg2 Kf7 30. Bb3 Kf6 31. Kg3 Kf7 32. Re5 Kf6 33. R5e2 Kf7 34. Rh1 Kf6 35. g5+ Kg7 36. h5 hxg5 37. h6+ Kh7 38. fxg5 Rf7 39. Rhe1 Rf5 40. Re5 Rxe5 41. dxe5 Nf7 42. Kg4 Re7 43. Kf4 Nd8 44. Rd1 Nb7 45. Bxe6 Nc5 46. Bb3 a5 47. Rd8 a4 48. Bg8+ Kh8 49. e6 Nb7 50. Rb8 Nc5 51. Rc8 a3 52. Ke5 Ra7 53. Kf6 1-0

[Event "Steyr Landesliga 1213"]
[Site "Austria"]
[Date "2013.03.02"]
[Round "7.3"]
[White "Steiner, Stefan"]
[Black "Schrittwieser, Herbert"]
[Result "1-0"]
[WhiteElo "2249"]
[BlackElo "2201"]
[PlyCount "97"]
[EventDate "2012.09.22"]
[EventType "team-tourn"]
[EventRounds "11"]
[EventCountry "AUT"]
[SourceTitle "EXT 2014"]
[Source "ChessBase"]
[SourceDate "2013.11.20"]
[SourceVersion "1"]
[SourceVersionDate "2013.11.20"]
[SourceQuality "1"]
[WhiteTeam "Graz Strassenbahn"]
[BlackTeam "Graz Austria"]
[WhiteTeamCountry "AUT"]
[BlackTeamCountry "AUT"]

1. Nf3 Nf6 2. c4 e6 3. g3 b6 4. Bg2 Bb7 5. 0-0 Be7 6. Nc3 0-0 7. Qc2 c5 8. Rd1 d6 9. b3 Nbd7 10. e4 Rc8 11. h3 a6 12. d3 Ne5 13. Qe2 Qc7 14. Bb2 Rfd8 15. Rac1 Nxf3+ 16. Bxf3 Nd7 17. Bg2 Bf6 18. f4 Re8 19. Qd2 Nb8 20. Ne2 Bxb2 21. Qxb2 Nc6 22. h4 Qe7 23. Rf1 Qf6 24. e5 Qe7 25. d4 cxd4 26. Nxd4 Nxd4 27. Qxd4 dxe5 28. Qxb6 Bxg2 29. Kxg2 exf4 30. Rxf4 Qa3 31. Rc2 e5 32. Rff2 a5 33. c5 e4 34. Qb7 f6 35. Qd5+ Kh8 36. Rfe2 a4 37. Rxe4 Rxe4 38. Qxe4 axb3 39. Qb7 Re8 40. axb3 Qa1 41. Qd7 Qe1 42. Qd2 Qb1 43. c6 Qxb3 44. c7 Qb7+ 45. Kh2 Qc8 46. Qd6 h5 47. Qd5 Qg4 48. Qd8 Qc8 49. Qxe8+ 1-0

[Event "Steyr Landesliga 1112"]
[Site "Austria"]
[Date "2012.05.05"]
[Round "11.4"]
[White "Meglitsch, Konstantin"]
[Black "Schrittwieser, Herbert"]
[Result "1/2-1/2"]
[WhiteElo "2041"]
[BlackElo "2206"]
[PlyCount "40"]
[EventDate "2011.09.24"]
[EventType "team-tourn"]
[EventRounds "11"]
[EventCountry "AUT"]
[SourceTitle "EXT 2015"]
[Source "ChessBase"]
[SourceDate "2014.11.20"]
[SourceVersion "1"]
[SourceVersionDate "2014.11.20"]
[SourceQuality "1"]
[WhiteTeam "Liezen Admont"]
[BlackTeam "Graz Austria II"]
[WhiteTeamCountry "AUT"]
[BlackTeamCountry "AUT"]

1. e4 e5 2. Nf3 Nf6 3. Nxe5 d6 4. Nf3 Nxe4 5. Nc3 Nxc3 6. dxc3 Be7 7. Bf4 Nd7 8. Qd2 Nc5 9. 0-0-0 Be6 10. Kb1 Qd7 11. Nd4 0-0-0 12. Bb5 c6 13. Be2 Bg4 14. Bxg4 Qxg4 15. f3 Qd7 16. Rhe1 Rhe8 17. Qf2 Bf6 18. Rxe8 Rxe8 19. Nb3 Nxb3 20. axb3 Be5 1/2-1/2

[Event "AUT-chT2M 1112"]
[Site "Austria"]
[Date "2011.10.23"]
[Round "3.6"]
[White "Schrittwieser, Herbert"]
[Black "Heimberger, Reinhard"]
[Result "1/2-1/2"]
[WhiteElo "2206"]
[BlackElo "2313"]
[PlyCount "92"]
[EventDate "2011.10.21"]
[EventType "team-tourn"]
[EventRounds "11"]
[EventCountry "AUT"]
[SourceTitle "EXT 2013"]
[Source "ChessBase"]
[SourceDate "2012.11.22"]
[SourceVersion "1"]
[SourceVersionDate "2012.11.22"]
[SourceQuality "1"]
[WhiteTeam "Graz Austria"]
[BlackTeam "St Valentin"]
[WhiteTeamCountry "AUT"]
[BlackTeamCountry "AUT"]

1. c4 c5 2. Nf3 d6 3. d4 cxd4 4. Nxd4 Nf6 5. Nc3 e6 6. e4 Be7 7. Be2 0-0 8. 0-0 a6 9. Be3 Nc6 10. Qd2 Bd7 11. Rfd1 Rc8 12. Rac1 Nxd4 13. Qxd4 e5 14. Qd2 Ng4 15. Bxg4 Bxg4 16. f3 Be6 17. b3 Qd7 18. Nd5 Bxd5 19. Qxd5 Qc6 20. Qxc6 Rxc6 21. Kf2 f5 22. exf5 Rxf5 23. Ke2 Bg5 24. Rc2 Bxe3 25. Kxe3 Kf7 26. Rcd2 Ke6 27. Rd5 Rf7 28. h4 g6 29. R1d3 Rf4 30. g3 Rf7 31. a4 Rd7 32. Ke4 b6 33. f4 exf4 34. Kxf4 Kf6 35. h5 Rf7 36. Kg4 Rd7 37. hxg6 hxg6 38. Rf3+ Kg7 39. Kg5 Rf7 40. Rxf7+ Kxf7 41. Kh6 Rc5 42. Kg5 Kg7 43. Kf4 Rxd5 44. cxd5 Kf6 45. g4 g5+ 46. Ke4 Kg6 1/2-1/2